000 00548nam a2200217Ia 4500
003 OSt
005 20221007082853.0
006 a|||||r|||| 00| 0
007 ta
008 221006b |||||||| |||| 00| 0 eng d
024 _a33,381
037 _cDissertations
040 _aFLL
_cFLL
_beng
041 _2eng
_aeng
100 _aAli Kathem Abbas
_9699697
245 0 _aPatent ability of biotechnological inventions
260 _c2009
300 _axii,161p
_ccm.
942 _cDIS
_2CC
999 _c1168024
_d1168024